| 000 | 00685 a2200181 4500 | ||
|---|---|---|---|
| 001 | 142471 | ||
| 040 | _cLeonardo Da Vinci | ||
| 041 | _aPortuguês | ||
| 082 | _av213 | ||
| 100 | _aEDUCACIONAL SHOP VIDEO | ||
| 245 |
_aFunções trigonométricas 1 _bresolução de triângulos |
||
| 250 | _av.1-2 | ||
| 260 |
_bESV _aSão Paulo |
||
| 490 | _aTV Ontario | ||
| 520 | _aAs funções trigonométricas são ilustradas de uma forma clara e dinâmica que faz o uso das vantagens da programação computadorizada | ||
| 697 |
_aDesenho Geométrico _aFunção Trigonométrica _aTrigonometria _aTriângulo _aRazão Trigonométrica _aTriângulo _aRetângulo _aÂngulo _aSeno _aCo-seno |
||
| 942 | _cVM | ||
| 999 |
_c142471 _d142471 |
||